000 00588nam a2200217Ia 4500
003 BUBTL
008 151213s9999 xx 000 0 und d
020 _a0-201-53572-1
082 _a658.848/BUG
100 _aR. D. Buzzell
_92538
245 _aGlobal Marketing Management
_cR. D. Buzzell
250 _a3rd
260 _aNew York
_bAddison Wesley
_c1995
300 _a[x],686p.:
_b23cm.
_cMarketing.
650 _aMarkeing
_92539
650 _aMarketing
_92540
700 _aR. D. Buzzell
_92538
856 _k0
_l0
_yDownload
942 _2ddc
_cBK
999 _c1829
_d1829